[Event "SUI-chT"]
[Site "Switzerland"]
[Date "2016.06.11"]
[Round "4.2"]
[White "Moor, Roger"]
[Black "Muheim, Lukas"]
[Result "0-1"]
[WhiteElo "2416"]
[BlackElo "2328"]
[PlyCount "50"]
[EventDate "2016.03.20"]
[EventType "team-tourn"]
[EventRounds "9"]
[EventCountry "SUI"]
[SourceTitle "EXT 2017"]
[Source "ChessBase"]
[SourceDate "2016.10.25"]
[SourceVersion "1"]
[SourceVersionDate "2016.10.25"]
[SourceQuality "1"]
[WhiteTeam "Wollishofen"]
[BlackTeam "Solothurn"]
[WhiteTeamCountry "SUI"]
[BlackTeamCountry "SUI"]

1. c4 e6 2. Nf3 d5 3. g3 Nf6 4. Bg2 Be7 5. 0-0 c5 6. b3 Nc6 7. e3 d4 8. exd4 cxd4 9. Re1 0-0 10. Bb2 a5 11. d3 Kh8 12. Nbd2 Ne8 13. Ne5 Nxe5 14. Rxe5 f6 15. Re1 e5 16. Qe2 Nc7 17. f4 Bb4 18. fxe5 Re8 19. e6 Ra6 20. Qf2 Raxe6 21. Rxe6 Nxe6 22. Nf3 Nc5 23. Rd1 Bf5 24. Qxd4 Qe7 25. Qf2 Nxd3 0-1

[Event "Bodensee-Cup 16th"]
[Site "Friedrichshafen"]
[Date "2010.05.07"]
[Round "1.9"]
[White "Muheim, Lukas"]
[Black "Schwing, Hans Elmar"]
[Result "0-1"]
[WhiteElo "2322"]
[BlackElo "2308"]
[PlyCount "82"]
[EventDate "2010.05.07"]
[EventType "team-tourn"]
[EventRounds "3"]
[EventCountry "GER"]
[SourceTitle "EXT 2024"]
[Source "ChessBase"]
[SourceDate "2023.10.10"]
[SourceVersion "1"]
[SourceVersionDate "2023.10.10"]
[SourceQuality "1"]
[WhiteTeam "Schweiz"]
[BlackTeam "Baden"]
[WhiteTeamCountry "SUI"]
[BlackTeamCountry "GER"]

1. e4 e6 2. d4 d5 3. Nc3 Bb4 4. Nge2 dxe4 5. a3 Bxc3+ 6. Nxc3 Nc6 7. Bb5 Nge7 8. Bg5 f6 9. Be3 0-0 10. Qd2 e5 11. d5 Nd4 12. Bc4 Kh8 13. 0-0-0 Bg4 14. Rde1 Ndf5 15. h3 Nxe3 16. Qxe3 Bh5 17. g4 Bf7 18. Rd1 Nc8 19. Nxe4 Nd6 20. Bd3 Bxd5 21. h4 Qe7 22. f3 Bg8 23. h5 h6 24. Ng3 b6 25. Be4 Rad8 26. Qe2 a5 27. Rhe1 Nxe4 28. fxe4 Qf7 29. b3 a4 30. Kb2 axb3 31. c3 Ra8 32. Ra1 Rfd8 33. Nf5 Qf8 34. Qe3 Ra4 35. Nh4 Bh7 36. Kxb3 Rxe4 37. Qf3 Qf7+ 38. Kb2 Rd2+ 39. Kc1 Qb3 40. Kxd2 Qb2+ 41. Kd3 Rd4+ 0-1

[Event "Zuerich op 33rd"]
[Site "Zuerich"]
[Date "2009.12.30"]
[Round "7"]
[White "Gattenloehner, Sebastian"]
[Black "Muheim, Lukas"]
[Result "1-0"]
[WhiteElo "2245"]
[BlackElo "2328"]
[PlyCount "49"]
[EventDate "2009.12.26"]
[EventType "swiss"]
[EventRounds "7"]
[EventCountry "SUI"]
[SourceTitle "CBM 134 Extra"]
[Source "ChessBase"]
[SourceDate "2010.03.03"]
[SourceVersion "1"]
[SourceVersionDate "2010.03.03"]
[SourceQuality "1"]

1. e4 c5 2. Nf3 Nc6 3. d4 cxd4 4. Nxd4 Nf6 5. Nc3 e5 6. Ndb5 d6 7. Bg5 a6 8. Na3 b5 9. Nd5 Be7 10. Bxf6 Bxf6 11. c3 Ne7 12. Nxf6+ gxf6 13. Be2 Bb7 14. Bf3 f5 15. exf5 e4 16. Qd4 0-0 17. Bxe4 Nc6 18. Bxc6 Bxc6 19. 0-0 Qg5 20. g4 Bf3 21. h3 Rae8 22. Kh2 h5 23. Rg1 hxg4 24. Rxg4 Bxg4 25. Rg1 1-0

[Event "SUI-ch"]
[Site "Graechen"]
[Date "2009.07.17"]
[Round "9"]
[White "Benkovic, Petar"]
[Black "Muheim, Lukas"]
[Result "1-0"]
[WhiteElo "2456"]
[BlackElo "2323"]
[PlyCount "93"]
[EventDate "2009.07.09"]
[EventType "swiss"]
[EventRounds "9"]
[EventCountry "SUI"]
[SourceTitle "CBM 131 Extra"]
[Source "ChessBase"]
[SourceDate "2009.09.03"]
[SourceVersion "2"]
[SourceVersionDate "2009.09.16"]
[SourceQuality "1"]

1. d4 d5 2. Nf3 Nf6 3. c4 e6 4. Nc3 c6 5. cxd5 exd5 6. Qc2 Be7 7. Bf4 Nbd7 8. h3 Nf8 9. e3 Ng6 10. Bh2 0-0 11. Bd3 Be6 12. 0-0 Rc8 13. Rad1 Bd6 14. Ne5 Nd7 15. f4 f5 16. g4 Nh4 17. Bg3 c5 18. Bxh4 Qxh4 19. gxf5 cxd4 20. fxe6 Nxe5 21. fxe5 Bxe5 22. Bxh7+ Kh8 23. e7 Qxe7 24. exd4 Bxd4+ 25. Kh1 Bxc3 26. bxc3 Qe3 27. Qd3 Rxf1+ 28. Rxf1 Qxd3 29. Bxd3 Kg8 30. Rf3 Rc6 31. Kg2 g6 32. Be2 Kg7 33. Kf2 Rc5 34. Rd3 Kf6 35. Bd1 b5 36. Bb3 Ke5 37. Ke2 a5 38. a3 g5 39. Kd2 Ke4 40. Rd4+ Ke5 41. Kd3 Ke6 42. Rxd5 Rxd5+ 43. Ke4 Kd6 44. Bxd5 Kc5 45. Ke5 b4 46. cxb4+ axb4 47. a4 1-0

[Event "SUI-ch"]
[Site "Graechen"]
[Date "2009.07.13"]
[Round "5"]
[White "Steenhuis, Jan"]
[Black "Muheim, Lukas"]
[Result "0-1"]
[WhiteElo "2007"]
[BlackElo "2323"]
[PlyCount "50"]
[EventDate "2009.07.09"]
[EventType "swiss"]
[EventRounds "9"]
[EventCountry "SUI"]
[SourceTitle "CBM 131 Extra"]
[Source "ChessBase"]
[SourceDate "2009.09.03"]
[SourceVersion "2"]
[SourceVersionDate "2009.09.16"]
[SourceQuality "1"]

1. e4 c5 2. Nf3 Nc6 3. d4 cxd4 4. Nxd4 Nf6 5. Nc3 e5 6. Ndb5 d6 7. Bg5 a6 8. Na3 b5 9. Nd5 Be7 10. Bxf6 Bxf6 11. c4 b4 12. Nc2 Rb8 13. Be2 Bg5 14. 0-0 0-0 15. Qd3 Be6 16. b3 Rb7 17. Rfd1 a5 18. Bf3 g6 19. Qe2 Nb8 20. c5 dxc5 21. Nf4 Bd7 22. Nh3 Bh6 23. Rd5 Qe7 24. Ne3 Be6 25. Rxe5 Qf6 0-1

[Event "SUI-ch"]
[Site "Graechen"]
[Date "2009.07.11"]
[Round "3"]
[White "Lehmann, Marco"]
[Black "Muheim, Lukas"]
[Result "1-0"]
[WhiteElo "2268"]
[BlackElo "2323"]
[PlyCount "53"]
[EventDate "2009.07.09"]
[EventType "swiss"]
[EventRounds "9"]
[EventCountry "SUI"]
[SourceTitle "CBM 131 Extra"]
[Source "ChessBase"]
[SourceDate "2009.09.03"]
[SourceVersion "2"]
[SourceVersionDate "2009.09.16"]
[SourceQuality "1"]

1. e4 c5 2. Nf3 Nc6 3. Bb5 e6 4. 0-0 Nge7 5. c3 a6 6. Ba4 b5 7. Bc2 d5 8. e5 d4 9. Be4 Bb7 10. cxd4 cxd4 11. a4 b4 12. d3 Nd5 13. Nbd2 Be7 14. Nb3 0-0 15. Nbxd4 Nxd4 16. Nxd4 Qb6 17. Qg4 g6 18. Be3 Bc5 19. Bxd5 Bxd5 20. Nc2 Rac8 21. Bxc5 Qxc5 22. Ne3 Ba8 23. Qf4 Rcd8 24. Rac1 Qb6 25. Rc4 Rxd3 26. Ng4 Qd8 27. Qh6 1-0

[Event "Lenk op 21st"]
[Site "Lenk"]
[Date "2009.04.13"]
[Round "7"]
[White "Meyer, Bernhard"]
[Black "Muheim, Lukas"]
[Result "0-1"]
[WhiteElo "2215"]
[BlackElo "2301"]
[PlyCount "36"]
[EventDate "2009.04.09"]
[EventType "swiss"]
[EventRounds "7"]
[EventCountry "SUI"]
[SourceTitle "CBM 130 Extra"]
[Source "ChessBase"]
[SourceDate "2009.07.02"]
[SourceVersion "2"]
[SourceVersionDate "2009.07.15"]
[SourceQuality "1"]

1. Nf3 d5 2. b3 Nf6 3. Bb2 e6 4. e3 Be7 5. d4 0-0 6. Bd3 b6 7. 0-0 Bb7 8. Ne5 Nbd7 9. Nd2 Ne4 10. a3 Nxe5 11. dxe5 Nxd2 12. Qxd2 f5 13. Rfd1 c5 14. Qe2 Qe8 15. a4 Qg6 16. a5 c4 17. Bxc4 dxc4 18. f3 Bc5 0-1

[Event "SUI-ch op"]
[Site "Samnaun"]
[Date "2008.07.14"]
[Round "5"]
[White "Hugentobler, Patrick"]
[Black "Muheim, Lukas"]
[Result "1-0"]
[WhiteElo "2295"]
[BlackElo "2292"]
[PlyCount "63"]
[EventDate "2008.07.08"]
[EventType "tourn"]
[EventRounds "9"]
[EventCountry "SUI"]
[SourceTitle "CBM 125 Extra"]
[Source "ChessBase"]
[SourceDate "2008.09.01"]
[SourceVersion "1"]
[SourceVersionDate "2008.09.01"]
[SourceQuality "1"]

1. e4 c5 2. Nf3 Nc6 3. d4 cxd4 4. Nxd4 Nf6 5. Nc3 e5 6. Ndb5 d6 7. Bg5 a6 8. Na3 b5 9. Nd5 Be7 10. Bxf6 Bxf6 11. c4 b4 12. Nc2 Rb8 13. b3 Be6 14. g3 Bg5 15. h4 Bh6 16. Bh3 0-0 17. Kf1 Kh8 18. Kg2 Qd7 19. Qe2 a5 20. Rad1 a4 21. Rd3 axb3 22. axb3 Qb7 23. g4 g5 24. Qd2 f6 25. f3 Bxd5 26. Rxd5 Ne7 27. Rxd6 Ng6 28. h5 Nh4+ 29. Kg3 f5 30. gxf5 Nxf3 31. Qd5 Nh4 32. Rxh6 1-0

[Event "SUI-ch op"]
[Site "Samnaun"]
[Date "2008.07.13"]
[Round "4"]
[White "Muheim, Lukas"]
[Black "Preziuso, Toni"]
[Result "1-0"]
[WhiteElo "2292"]
[BlackElo "2072"]
[PlyCount "89"]
[EventDate "2008.07.08"]
[EventType "tourn"]
[EventRounds "9"]
[EventCountry "SUI"]
[SourceTitle "CBM 125 Extra"]
[Source "ChessBase"]
[SourceDate "2008.09.01"]
[SourceVersion "1"]
[SourceVersionDate "2008.09.01"]
[SourceQuality "1"]

1. e4 e6 2. d4 d5 3. Nc3 dxe4 4. Nxe4 Nd7 5. Bd3 Ngf6 6. Qe2 c5 7. Nxf6+ Nxf6 8. dxc5 Bxc5 9. Bd2 Qd5 10. Nf3 a6 11. 0-0 Qh5 12. c4 a5 13. Bc3 Ra6 14. a3 a4 15. Rad1 0-0 16. Qe5 Qxe5 17. Nxe5 Ne8 18. Be2 Nd6 19. Nd3 Ne4 20. Nxc5 Nxc5 21. Bb4 b6 22. Rd6 Ne4 23. Rd4 Nc5 24. Rfd1 Ra8 25. Rd6 Rb8 26. Rc6 Re8 27. Rdd6 Nd7 28. Rxc8 Rbxc8 29. Rxd7 Red8 30. Rb7 Rb8 31. Rxb8 Rxb8 32. f4 f6 33. Kf2 Kf7 34. Ke3 Ke8 35. Bd1 Ra8 36. Bc2 g6 37. Bc3 Ke7 38. Bd4 Ra6 39. Bd3 e5 40. fxe5 fxe5 41. Bxe5 Kd7 42. Bd4 Kc6 43. c5 Ra7 44. cxb6 Re7+ 45. Be4+ 1-0

[Event "Zuerich op-A 31th"]
[Site "Zuerich"]
[Date "2007.12.29"]
[Round "5"]
[White "Muheim, Lukas"]
[Black "Klauser, Markus"]
[Result "0-1"]
[WhiteElo "2188"]
[BlackElo "2384"]
[PlyCount "58"]
[EventDate "2007.12.26"]
[EventType "swiss"]
[EventRounds "7"]
[EventCountry "SUI"]
[SourceTitle "CBM 122 Extra"]
[Source "ChessBase"]
[SourceDate "2008.03.04"]
[SourceVersion "1"]
[SourceVersionDate "2008.03.04"]
[SourceQuality "1"]

1. e4 e5 2. Nf3 Nc6 3. Bc4 Bc5 4. b4 Bxb4 5. c3 Be7 6. d4 Na5 7. Be2 exd4 8. Qxd4 d5 9. exd5 Nf6 10. Bg5 0-0 11. c4 c5 12. Qd3 h6 13. Bf4 Nh5 14. Bd2 Bf6 15. Nc3 g6 16. g4 Bxg4 17. Rg1 Qd7 18. Rc1 Rfe8 19. Ne4 Bg7 20. Nxc5 Qc8 21. Ne6 Bxe6 22. dxe6 Qxe6 23. Be3 Rad8 24. Qa3 Nc6 25. c5 Nf4 26. Bc4 Qe4 27. Nd2 Qf5 28. Rb1 Ne5 29. Bb5 Nf3+ 0-1

[Event "Zuerich op-A 31th"]
[Site "Zuerich"]
[Date "2007.12.27"]
[Round "2"]
[White "Muheim, Lukas"]
[Black "Schmidt Schaeffer, Sebastian"]
[Result "1-0"]
[WhiteElo "2188"]
[BlackElo "2395"]
[PlyCount "115"]
[EventDate "2007.12.26"]
[EventType "swiss"]
[EventRounds "7"]
[EventCountry "SUI"]
[SourceTitle "CBM 122 Extra"]
[Source "ChessBase"]
[SourceDate "2008.03.04"]
[SourceVersion "1"]
[SourceVersionDate "2008.03.04"]
[SourceQuality "1"]

1. e4 d6 2. d4 Nf6 3. Nc3 Nbd7 4. Nf3 e5 5. Bc4 Be7 6. 0-0 0-0 7. Re1 a6 8. a4 b6 9. dxe5 dxe5 10. Nd5 Bb7 11. b3 Nxd5 12. Bxd5 c6 13. Bc4 Qc7 14. Bb2 b5 15. Bd3 Rfe8 16. Qe2 Bd6 17. Nh4 g6 18. Qg4 Nc5 19. Re3 Bc8 20. Qg3 bxa4 21. Bc4 Be6 22. Bxe6 Rxe6 23. Nf5 Bf8 24. bxa4 Rb8 25. Bc3 Rb7 26. Qg4 Qb8 27. Ree1 Rf6 28. f4 Nxe4 29. Bxe5 Bc5+ 30. Kf1 Qxe5 31. fxe5 Rxf5+ 32. Ke2 Rb4 33. Qh3 Rd4 34. Red1 Rxe5 35. Rxd4 Bxd4 36. Qa3 Bc5 37. Qb2 Re8 38. Re1 Bf2 39. Rf1 Bh4 40. Kd3 Nc5+ 41. Kc4 Nxa4 42. Qd4 Bd8 43. Rb1 c5 44. Qd7 Re4+ 45. Kb3 Bf6 46. Qxa4 Rxa4 47. Kxa4 h5 48. Rb6 Bd4 49. Rxa6 Kg7 50. Kb5 f5 51. Kc4 h4 52. Kd5 g5 53. c4 g4 54. h3 Kh7 55. Re6 f4 56. hxg4 f3 57. gxf3 Kg7 58. g5 1-0

[Event "EU-ch U18 17th"]
[Site "Sibenik"]
[Date "2007.09.17"]
[Round "4"]
[White "Vila Gazquez, Xavier"]
[Black "Muheim, Lukas"]
[Result "1-0"]
[WhiteElo "2429"]
[BlackElo "2210"]
[PlyCount "83"]
[EventDate "2007.09.14"]
[EventType "swiss"]
[EventRounds "9"]
[EventCountry "CRO"]
[SourceTitle "CBM 120 Extra"]
[Source "ChessBase"]
[SourceDate "2007.11.01"]
[SourceVersion "1"]
[SourceVersionDate "2007.11.01"]
[SourceQuality "1"]

1. e4 c5 2. Nf3 Nc6 3. Bb5 e6 4. 0-0 Nge7 5. Nc3 a6 6. Bxc6 Nxc6 7. d4 cxd4 8. Nxd4 Qc7 9. Nxc6 dxc6 10. Qh5 Bd6 11. f4 e5 12. f5 b5 13. Bg5 Be7 14. Be3 Bb7 15. Rad1 Rd8 16. Rxd8+ Qxd8 17. Qg4 Kf8 18. Rd1 Qc8 19. Rd3 f6 20. Bf2 Kf7 21. Rg3 Qg8 22. Qh5+ g6 23. Qg4 Bc8 24. Nb1 Kg7 25. b3 g5 26. Rc3 Qe8 27. Qe2 Qd7 28. h4 h6 29. Rd3 Qe8 30. Qe3 gxh4 31. Qe2 Kh7 32. Rh3 Qf8 33. Rxh4 Rg8 34. Kh1 Bc5 35. Be1 Bb6 36. b4 Rg5 37. Bd2 Qg8 38. Bxg5 Qxg5 39. Qe1 c5 40. Nd2 cxb4 41. Nf3 Qe3 42. Qg3 1-0

[Event "EU-ch U18 17th"]
[Site "Sibenik"]
[Date "2007.09.14"]
[Round "1"]
[White "Muheim, Lukas"]
[Black "Nestorovic, Nikola"]
[Result "0-1"]
[WhiteElo "2210"]
[BlackElo "2424"]
[PlyCount "74"]
[EventDate "2007.09.14"]
[EventType "swiss"]
[EventRounds "9"]
[EventCountry "CRO"]
[SourceTitle "CBM 120 Extra"]
[Source "ChessBase"]
[SourceDate "2007.11.01"]
[SourceVersion "1"]
[SourceVersionDate "2007.11.01"]
[SourceQuality "1"]

1. e4 c5 2. Nf3 a6 3. c3 e6 4. d4 d5 5. e5 Bd7 6. a3 cxd4 7. cxd4 Bb5 8. Bxb5+ axb5 9. 0-0 Nc6 10. Nc3 b4 11. Nb5 Qb6 12. a4 Na7 13. Bd2 Nc6 14. Qe2 h5 15. b3 Nh6 16. Bxh6 Rxh6 17. Qe3 Be7 18. Ng5 Rh8 19. h4 Rf8 20. Rfc1 0-0-0 21. Qd3 Kb8 22. Rc2 Rd7 23. Rd1 Qd8 24. f4 Bxg5 25. hxg5 f6 26. gxf6 gxf6 27. Nd6 fxe5 28. fxe5 Qb6 29. Kh1 Rf4 30. Qg6 Rh4+ 31. Kg1 Rxd4 32. Rxd4 Qxd4+ 33. Kf1 Qa1+ 34. Kf2 Qxe5 35. Rxc6 Qd4+ 36. Kf1 bxc6 37. Qxe6 Qf4+ 0-1

[Event "SUI-ch HT1"]
[Site "Lenzerheide"]
[Date "2006.07.18"]
[Round "6"]
[White "Muheim, Lukas"]
[Black "Colmenares, Aurelio"]
[Result "0-1"]
[WhiteElo "2223"]
[BlackElo "2165"]
[PlyCount "72"]
[EventDate "2006.07.13"]
[EventType "swiss"]
[EventRounds "7"]
[EventCountry "SUI"]
[SourceTitle "CBM 113 Extra"]
[Source "ChessBase"]
[SourceDate "2006.09.14"]
[SourceVersion "1"]
[SourceVersionDate "2006.09.14"]
[SourceQuality "1"]

1. e4 e6 2. d4 d5 3. Nc3 Nf6 4. Bg5 dxe4 5. Nxe4 Be7 6. Bxf6 gxf6 7. Nf3 b6 8. Bb5+ c6 9. Ba4 Bb7 10. Qe2 Nd7 11. 0-0-0 Qc7 12. Kb1 0-0-0 13. c4 Kb8 14. Rd3 Rhg8 15. Ng3 Bd6 16. Rc1 f5 17. d5 Nc5 18. Ra3 Nxa4 19. Rxa4 cxd5 20. cxd5 Qd7 21. Rd4 Bxd5 22. Ka1 Bc5 23. Ne5 Qb7 24. Rd2 f4 25. Nh5 Rxg2 26. Qb5 Rg5 27. Rxd5 Rxd5 28. Nc6+ Kc7 29. Nb4 Rxh5 30. Qe8 Kd6 31. Qf8+ Ke5 32. Qg7+ Kf5 33. f3 Rg5 34. Qxh7+ Kf6 35. Qh6+ Rg6 36. Qxf4+ Kg7 0-1

[Event "SUI-ch int"]
[Site "Saas Almagell"]
[Date "2005.07.14"]
[Round "8"]
[White "Muheim, Lukas"]
[Black "Fierz, Martin"]
[Result "0-1"]
[WhiteElo "2159"]
[BlackElo "2276"]
[PlyCount "70"]
[EventDate "2005.07.07"]
[EventType "swiss"]
[EventRounds "9"]
[EventCountry "SUI"]
[SourceTitle "CBM 107 Extra"]
[Source "ChessBase"]
[SourceDate "2005.09.01"]
[SourceVersion "1"]
[SourceVersionDate "2005.09.01"]
[SourceQuality "1"]

1. e4 c5 2. Nf3 e6 3. d4 cxd4 4. Nxd4 Nc6 5. Nxc6 bxc6 6. Nc3 d6 7. Bd3 Nf6 8. 0-0 Be7 9. Qe2 Nd7 10. f4 Qb6+ 11. Kh1 Bf6 12. f5 Ne5 13. fxe6 Bxe6 14. h3 h6 15. a4 a5 16. Bd2 Bg5 17. Rab1 Bxd2 18. Qxd2 Qb4 19. Qf2 Rb8 20. Be2 0-0 21. Qg3 Qc5 22. b3 Nd7 23. Rbd1 Qe5 24. Qxe5 dxe5 25. Rd6 Rfc8 26. Rfd1 Nc5 27. Kg1 Kf8 28. Kf2 Ke7 29. h4 Bxb3 30. Bg4 Rc7 31. R6d2 Be6 32. Bf3 Rd7 33. Rxd7+ Bxd7 34. Ke3 Rb4 35. Bh5 Rc4 0-1

[Event "EU-ch U16"]
[Site "Urgup"]
[Date "2004.07.??"]
[Round "1"]
[White "Nechepurenko, Roman V"]
[Black "Muheim, Lukas"]
[Result "1/2-1/2"]
[WhiteElo "2357"]
[BlackElo "2106"]
[PlyCount "42"]
[EventDate "2004.08.??"]
[EventType "swiss"]
[EventRounds "9"]
[EventCountry "TUR"]
[SourceTitle "EXT 2005"]
[Source "ChessBase"]
[SourceDate "2004.11.15"]
[SourceVersion "1"]
[SourceVersionDate "2004.11.15"]
[SourceQuality "1"]

1. e4 c5 2. Nf3 Nc6 3. d4 cxd4 4. Nxd4 Nf6 5. Nc3 e5 6. Nf5 d5 7. Nxd5 Nxd5 8. Qxd5 Qxd5 9. exd5 Bxf5 10. dxc6 bxc6 11. c3 Bc5 12. Ba6 Rb8 13. b4 Bb6 14. a4 c5 15. a5 Bc7 16. bxc5 Rb3 17. c4 Bd3 18. Be3 0-0 19. c6 Rd8 20. Bd2 Rb2 21. Rd1 Bxa5 1/2-1/2